| 000 | 00364nam a22001457a 4500 | ||
|---|---|---|---|
| 020 | _qHB. | ||
| 027 | _qPB. | ||
| 040 | _cFIZZA ISHAQ | ||
| 082 |
_a384.55 _bBIL |
||
| 100 |
_aBURKE BILL. _9133760 |
||
| 245 |
_aCAll ME TED TED TURNER / _cBILL BURKE. |
||
| 260 |
_aNEW YORK ; _bGRAND CENTRAL PUBLISHING, _c2008. |
||
| 300 |
_a433 P. ; _c9.6X6.4IN |
||
| 942 |
_2ddc _cBK |
||
| 999 |
_c616644 _d616644 |
||